000 00811nam a2200217 a 4500
001 000027816
003 DO-SdBNP
005 20260321073641.0
008 110405t2009 dr ac 000 0 spa d
040 _aDO-SdBNP
_bspa
_cBNPHU
082 4 _aF-RD 8
245 0 0 _aJuan Bosch :
_buna vida ejemplar (1909-2009) /
_cpresentación Carmen Quidiello de Bosch.
246 1 4 _aJuan Bosch una vida ejemplar :
_bcronografía sobre la trayectoria de este dominicano ilustre
260 _a[Santo Domingo :
_bFundación Juan Bosch,
_c2009].
300 _a57 p. :
_bil., retrs. ;
_c27 cm.
600 1 0 _a Bosch, Juan,
_d1909-2001
_976555
651 4 _aRepública Dominicana
_xHistoria
_ySiglo XX
_99490
700 1 _aQuidiello de Bosch, Carmen,
_d1915-
_98255
910 _aValidado. Control de calidad EMS.
942 _2ddc
_cLBS1
999 _c27308
_d27308